000 00600nam a22001937a 4500
008 150925b xxu||||| |||| 00| 0 eng d
020 _a9780130307521
041 0 _aeng
080 _a301.151
100 1 _aPoole, Debra A.
245 1 4 _aThe story of human development /
_cDebra A. Poole, Amye Warren, Narina Nuñez.
250 _a1st ed.
260 _aUpper Saddle River, NJ :
_bPearson/Prentice Hall,
_c2007.
300 _axx, 669, [71] f. :
_bme il.;
_c28 cm.
_e1 CD-ROM (4 3/4 in.)
650 0 _aZhvillimi psikologjik
700 1 _aNuñez, Narina.
700 1 _aWarren, Amye.
942 _2udc
_cBK
999 _c1182
_d1182